Bases de datos
محفوظ في:
| المؤلف الرئيسي: | |
|---|---|
| التنسيق: | كتاب |
| اللغة: | الإسبانية |
| منشور في: |
Cuernavaca
McGraw-Hill
2009
|
| الطبعة: | 1a. ed |
| الموضوعات: | |
| الوسوم: |
إضافة وسم
لا توجد وسوم, كن أول من يضع وسما على هذه التسجيلة!
|
MARC
| LEADER | 00000cam a2200000 a 4500 | ||
|---|---|---|---|
| 001 | UCF4326 | ||
| 003 | CL-VaPUC | ||
| 008 | 121130e20090000MX |||||||||||||||||spa|d | ||
| 020 | |a 9789701072752 | ||
| 082 | 0 | 4 | |a 005.74 |b RIC |2 21 |
| 100 | 0 | |a Ricardo, Catherine M |e author |9 565829 | |
| 245 | 1 | 0 | |a Bases de datos |
| 250 | |a 1a. ed | ||
| 300 | |a 642 p | ||
| 942 | |c BK | ||
| 945 | |d 20121130 00:00:00 |a dcastane | ||
| 260 | |a Cuernavaca |b McGraw-Hill |c 2009 | ||
| 650 | 0 | |a Bases de datos |9 260577 | |
| 650 | 0 | |a Administración de bases de datos |9 260338 | |
| 650 | 7 | |a ESTRUCTURA DE DATOS |2 CL-VaPUC |9 406477 | |
| 583 | |a last modification |c 20121130 23:21:00 |k Rodrigo Vera | ||
| 999 | |c 350133 |d 350131 | ||
| 952 | |0 0 |1 0 |4 0 |6 005_740000000000000_RIC_2009 |7 0 |8 A |9 453314 |a BIBING |b BIBING |d 2019-11-22 |i 4929128 |o 005.74 RIC 2009 |p 4929128 |r 2025-01-20 |w 2019-11-22 |y BK |k CCI | ||
| 952 | |0 0 |1 0 |4 0 |6 005_740000000000000_RIC_2009 |7 0 |8 A |9 453315 |a BIBING |b BIBING |d 2019-11-22 |i 4929136 |o 005.74 RIC 2009 |p 4929136 |r 2025-01-20 |w 2019-11-22 |y BK |k CCI | ||
| 952 | |0 0 |1 0 |4 0 |6 005_740000000000000_RIC_2009 |7 0 |8 A |9 453316 |a BIBING |b BIBING |d 2019-11-22 |i 4929144 |o 005.74 RIC 2009 |p 4929144 |r 2025-01-20 |w 2019-11-22 |y BK |k CCI | ||
| 952 | |0 0 |1 0 |4 0 |6 005_740000000000000_RIC_2009 |7 0 |8 A |9 453317 |a BIBING |b BIBING |d 2019-11-22 |i 4929152 |o 005.74 RIC 2009 |p 4929152 |r 2025-01-20 |w 2019-11-22 |y BK |k CCI | ||
| 952 | |0 0 |1 0 |4 0 |6 005_740000000000000_RIC_2009 |7 0 |8 A |9 453318 |a BIBING |b BIBING |d 2019-11-22 |i 4929160 |o 005.74 RIC 2009 |p 4929160 |r 2025-01-20 |w 2019-11-22 |y BK |k CCI | ||
| 952 | |0 0 |1 0 |4 0 |6 005_740000000000000_RIC_2009 |7 0 |8 A |9 453319 |a BIBING |b BIBING |d 2019-11-22 |i 4929179 |o 005.74 RIC 2009 |p 4929179 |r 2025-01-20 |w 2019-11-22 |y BK |k CCI | ||
| 952 | |0 0 |1 0 |4 0 |6 005_740000000000000_RIC_2009 |7 0 |8 A |9 453320 |a BIBING |b BIBING |d 2019-11-22 |i 4929187 |o 005.74 RIC 2009 |p 4929187 |r 2025-01-20 |w 2019-11-22 |y BK |k CCI | ||
| 952 | |0 0 |1 0 |4 0 |6 005_740000000000000_RIC_2009 |7 0 |8 A |9 453321 |a BIBING |b BIBING |d 2019-11-22 |i 4929195 |o 005.74 RIC 2009 |p 4929195 |r 2025-01-20 |w 2019-11-22 |y BK |k CCI | ||
| 952 | |0 0 |1 0 |4 0 |6 005_740000000000000_RIC_2009 |7 0 |8 A |9 453322 |a BIBING |b BIBING |d 2019-11-22 |i 4929209 |o 005.74 RIC 2009 |p 4929209 |r 2025-01-20 |w 2019-11-22 |y BK |k CCI | ||
| 952 | |0 0 |1 0 |4 0 |6 005_740000000000000_RIC_2009 |7 0 |8 A |9 453323 |a BIBING |b BIBING |d 2019-11-22 |i 4929217 |o 005.74 RIC 2009 |p 4929217 |r 2025-01-20 |w 2019-11-22 |y BK |k CCI | ||